Visualizzazione normale
Vista MARC
- Spiritualità ignaziana
di Uniform Title
Records bibliografici associati: 1
001 - CONTROL NUMBER
- control field: 58382
003 - CONTROL NUMBER IDENTIFIER
- control field:
005 - DATE AND TIME OF LATEST TRANSACTION
- control field: 20200830112240.0
008 - FIXED-LENGTH DATA ELEMENTS
- fixed length control field: 200830|| aca||aabn | a|a d
040 ## - CATALOGING SOURCE
- Original cataloging agency:
- Transcribing agency:
130 ## - HEADING--UNIFORM TITLE
- Uniform title: Spiritualità ignaziana
670 ## - SOURCE DATA FOUND
- Source citation: Work cat.: ()0: 71255 Schiavone, Pietro, Il discernimento :, 2009.